000
00204 a2200097 4500
001
47937
100
_a
Blanch
245
_a
Sabres of paradise
260
_a
London
_b
John murray
_c
090
_c
30932
_d
30932
942
_a
NUST-CAE
_c
M
_c
23261
999
_c
283010
_d
283010